Аврора, или Утренняя заря в восхождении

Dades bibliogràfiques
Autor principal: Бёме Я. Якоб
Altres autors: Бакусев В. (автор предисловия), Карелина О. А. (художник), Петровский А. Алексей (переводчик)
Sumari:Репринтное воспроизведение издания 1914 г., выходило в серии "Орфей" .
Idioma:rus
Publicat: Москва, Политиздат, 1990
Edició:Репр. изд.
Col·lecció:Философская классика
Matèries:
Format: MixedMaterials Llibre
KOHA link:https://koha.lib.tpu.ru/cgi-bin/koha/opac-detail.pl?biblionumber=161960

MARC

LEADER 00000nam0a2200000 4500
001 161960
005 20231101222305.0
010 |a 5250014585 
035 |a (RuTPU)RU\TPU\book\175632 
090 |a 161960 
100 |a 20090616e1990 km y0rusy50 ca 
101 1 |a rus  |c ger 
102 |a RU 
105 |a y z 000zb 
200 1 |a Аврора, или Утренняя заря в восхождении  |f Я. Бёме  |g авт. послесл. В. Бакусев ; перевод А. Петровского ; худ. О. А. Карелина 
205 |a Репр. изд. 
210 |a Москва  |c Политиздат  |d 1990 
215 |a 415 с.  |d 20,5 см. 
225 1 |a Философская классика 
300 |a Репринтное воспроизведение издания 1914 г., выходило в серии "Орфей" . 
600 1 |a Бёме  |b Я.  |f 1575-1624  |g Якоб  |c немецкий философ-мистик  |2 stltpush  |3 (RuTPU)RU\TPU\pers\9651 
610 1 |a бытие 
610 1 |a немецкая философия 
610 1 |a метафилософия 
610 1 |a мистическая философия 
610 1 |a религиозная философия 
610 1 |a Мусагет 
610 1 |a 17 век 
686 |a Ю3(4Г)5  |v LBC/SL-A  |2 rubbk 
686 |a Ч611.68  |v LBC/SL-A  |2 rubbk 
700 1 |a Бёме  |b Я.  |c немецкий философ-мистик  |f 1575-1624  |g Якоб  |2 stltpush  |3 (RuTPU)RU\TPU\pers\9651  |9 1923 
702 1 |a Бакусев  |b В.  |4 080 
702 1 |a Карелина  |b О. А.  |4 040 
702 1 |a Петровский  |b А.  |g Алексей  |4 730 
801 1 |a RU  |b 63413507  |c 20090616  |g PSBO 
801 2 |a RU  |b 63413507  |c 20131003  |g PSBO 
942 |c BK